First Pokémon by Type Combination: Water - Statistics

General Stats
  • This quiz has been taken 81 times
  • The average score is 16 of 18
Answer Stats
Type Combination Pokédex # Pokémon Region % Correct
Pure Water 0007 Squirtle Kanto
100%
Water / Poison 0072 Tentacool Kanto
98%
Water / Flying 0130 Gyarados Kanto
94%
Water / Grass 0270 Lotad Hoenn
94%
Water / Rock 0138 Omanyte Kanto
94%
Water / Fighting 0062 Poliwrath Kanto
94%
Water / Ice 0087 Dewgong Kanto
92%
Water / Bug 0283 Surskit Hoenn
89%
Water / Fairy 0183 Marill Johto
87%
Water / Electric 0170 Chinchou Johto
85%
Water / Dragon 0230 Kingdra Johto
85%
Water / Fire 0721 Volcanion Kalos
85%
Water / Ground 0194 Wooper Johto
85%
Water / Steel 0395 Empoleon Sinnoh
84%
Water / Psychic 0079 Slowpoke Kanto
84%
Water / Dark 0318 Carvanha Hoenn
82%
Water / Normal 0400 Bibarel Sinnoh
81%
Water / Ghost 0592 Frillish Unova
79%
No matching quizzes found
Score Distribution
Percent of People with Each Score
Percentile by Number Answered
Your Score History
You have not taken this quiz